000 00344nam a2200145Ia 4500
008 200615s9999||||xx |||||||||||||| ||und||
020 _a9798179922407
082 _a650
_bBUI-W
100 _aWAGEN,LYNN VAN DER
245 0 _aBUILDING QUALITY SERVICES
250 _a1ST
260 _aNew Delhi
_bJAICO PUB
_c2018
300 _a208
942 _cBK
999 _c26342
_d26342